000 00899nam0a22002531 4500
001 rc\287344
005 20250621021458.0
010 _a5-225-01833-5
035 _a(NLR Aleph) 005519061
090 _a5488356
_c5488356
100 _a20030307d1990 |||y0rusy50 ca
101 0 _arus
102 _aRU
105 _aa |||||||||
200 1 _aДействия служб общественного здравоохранения в чрезвычайных ситуациях, вызванных эпидемиями
_eПракт. руководство
_e[Пер. с англ.]
_fПодгот. П. Брес
210 _aМ.
_cМедицина
_d1990
215 _a293, [2] с.
_cил.
_d24
320 _aБиблиогр. в конце разделов
702 1 _aБрес
_bП.
_4570
801 0 _aRU
_bNLR
_gpsbo
801 1 _aRU
_bELAR
_2rusmarc
852 _aNLR
_j91-7/336
942 _cBOOK
980 _aNB